[Event "Catarinense-ch"]
[Site "Concordia"]
[Date "2025.03.02"]
[Round "5"]
[White "Moraes Zonta, Miguel"]
[Black "Peroza, Lucca Antunes"]
[Result "1-0"]
[WhiteElo "1850"]
[BlackElo "1800"]
[PlyCount "131"]
[EventDate "2025.02.28"]
[EventType "swiss"]
[EventRounds "6"]
[EventCountry "BRA"]
[SourceTitle "CB10_2025"]
[SourceDate "2025.03.05"]
[SourceVersion "1"]
[SourceVersionDate "2025.03.05"]
[SourceQuality "1"]

1. e4 e5 2. Nf3 Nc6 3. Bc4 Bc5 4. c3 Nf6 5. d3 d6 6. h3 a6 7. 0-0 0-0 8. Nbd2 b5 9. Bb3 Be6 10. Re1 a5 11. Nf1 a4 12. Bc2 Nd7 13. d4 exd4 14. cxd4 Ba7 15. d5 Bxd5 16. exd5 Ne7 17. Bg5 Re8 18. Qd3 g6 19. Re2 h5 20. Rae1 Ne5 21. Nxe5 dxe5 22. Rxe5 Bc5 23. Qe2 Kf8 24. Qf3 Bb4 25. R1e4 Bd6 26. Bxe7+ Bxe7 27. Re2 Ra6 28. Nd2 Rf6 29. Qxf6 Bxf6 30. Rxe8+ Qxe8 31. Rxe8+ Kxe8 32. Ne4 Bxb2 33. d6 Kd7 34. Kf1 f5 35. Nd2 cxd6 36. Ke2 Bg7 37. f3 Ke6 38. Ke3 d5 39. g4 fxg4 40. hxg4 hxg4 41. Bxg6 gxf3 42. Nxf3 Kf6 43. Bc2 Ke6 44. Nd4+ Ke5 45. Nxb5 Bh6+ 46. Kd3 Bg5 47. Bxa4 Be7 48. Bb3 Bh4 49. a4 Bd8 50. Nc3 d4 51. Ne2 Bb6 52. Kc4 Ke4 53. Bc2+ Ke5 54. Kb5 Ba7 55. Ka6 Bc5 56. Kb5 Kd5 57. Nf4+ Kd6 58. a5 Ba7 59. Bd3 Ke5 60. Ng6+ Kd5 61. Ne7+ Ke5 62. Nc6+ Kf4 63. Nxa7 Ke3 64. Nc6 Kxd3 65. Nxd4 Kxd4 66. a6 1-0